000 00437nam a2200181Ia 4500
001 21202
005 20260306172902.0
008 260306t2008||||xx |||||||||||||| ||spa||
041 _aESP
082 _a344.2
_bM38
100 _aMeini, Iván
_eAUT
245 0 _aEl dominio de la organización en derecho penal
260 _c2008
300 _a218 páginas :
_c20 cm.
650 _aGEN
654 _aCDE
942 _cLIB
_dJUS
_fJUS
_2ddc
_n
999 _c21202
_d21202